000 00669nam a2200241 i 4500
001 000039568
003 DO-SdBNP
005 20230703145851.0
007 ta
008 130708s2012 dr 000 0 spa d
040 _aDO-SdBNP
_bspa
_cBNPHU
_erda
082 4 _222
245 0 0 _aDirectorio básico de archivos dominicanos.
264 _aSanto Domingo :
_bArchivo General de la Nación,
_c2012.
300 _a353 páginas ;
_c23 cm.
336 _2rdacontent
_atexto
_btxt
337 _2rdamedia
_asin mediación
_bn
338 _2rdacarrier
_avolumen
_bnc
490 _aReferencia
_v3
590 _aInventariado, 2023/BT
910 _aBtavárez
942 _2ddc
_cLBS1
999 _c39058
_d39058